Критерии благополучия человека с точки зрения студентов; Общество и непрерывное благополучие человека

Bibliografiset tiedot
Parent link:Общество и непрерывное благополучие человека.— 2014.— [С. 249-252]
Päätekijä: Савельева Я. В.
Yhteisötekijä: Национальный исследовательский Томский политехнический университет (ТПУ) Институт социально-гуманитарных технологий (ИСГТ) Кафедра социологии, психологии и права (СОЦ)
Muut tekijät: Роготнева Е. Н. Елена Николаевна (научный руководитель)
Yhteenveto:Заглавие с экрана
Целью данной работы является определение студенческой точки зрения на критерии благополучия человека. Для достижения поставленной цели был проведен социологический опрос среди студентов старших курсов специальностей "Менеджмент организации" и "Документоведение и документационное обеспечение управления".
Kieli:venäjä
Julkaistu: 2014
Sarja:Социально-психологические модели и технологии исследования непрерывного благополучия людей в современном обществе
Aiheet:
Linkit:http://earchive.tpu.ru/handle/11683/21318
http://www.lib.tpu.ru/fulltext/c/2014/C55/058.pdf
Aineistotyyppi: MixedMaterials Elektroninen Kirjan osa
KOHA link:https://koha.lib.tpu.ru/cgi-bin/koha/opac-detail.pl?biblionumber=605384

MARC

LEADER 00000naa2a2200000 4500
001 605384
005 20260226162613.0
035 |a (RuTPU)RU\TPU\conf\2669 
035 |a RU\TPU\conf\2666 
090 |a 605384 
100 |a 20140410d2014 k y0rusy50 ca 
101 0 |a rus 
102 |a RU 
135 |a drcn ---uucaa 
181 0 |a i  
182 0 |a b 
200 1 |a Критерии благополучия человека с точки зрения студентов  |f Я. В. Савельева  |g науч. рук. Е. Н. Роготнева 
203 |a Текст  |c электронный 
215 |a 1 файл(164 Кб) 
225 1 |a Социально-психологические модели и технологии исследования непрерывного благополучия людей в современном обществе 
300 |a Заглавие с экрана 
320 |a [Библиогр.: с. 252 (5 назв.)] 
330 |a Целью данной работы является определение студенческой точки зрения на критерии благополучия человека. Для достижения поставленной цели был проведен социологический опрос среди студентов старших курсов специальностей "Менеджмент организации" и "Документоведение и документационное обеспечение управления". 
337 |a Adobe Reader 
463 1 |0 (RuTPU)RU\TPU\conf\2055  |t Общество и непрерывное благополучие человека  |o сборник научных трудов Международного научного симпозиума студентов и молодых ученых, г. Томск, 27-30 марта 2014 г.  |f Национальный исследовательский Томский политехнический университет (ТПУ) ; под ред. Г. А. Барышевой и др.  |v [С. 249-252]  |d 2014 
610 1 |a электронный ресурс 
610 1 |a труды учёных ТПУ 
610 1 |a критерии 
610 1 |a благополучие 
610 1 |a студенты 
700 1 |a Савельева  |b Я. В. 
702 1 |a Роготнева  |b Е. Н.  |c социолог  |c доцент Томского политехнического университета, кандидат философских наук  |f 1976-  |g Елена Николаевна  |4 727 
712 0 2 |a Национальный исследовательский Томский политехнический университет (ТПУ)  |b Институт социально-гуманитарных технологий (ИСГТ)  |b Кафедра социологии, психологии и права (СОЦ)  |3 (RuTPU)RU\TPU\col\18373 
801 1 |a RU  |b 63413507  |c 20101016 
801 2 |a RU  |b 63413507  |c 20220407  |g RCR 
856 4 |u http://earchive.tpu.ru/handle/11683/21318 
856 4 |u http://www.lib.tpu.ru/fulltext/c/2014/C55/058.pdf 
942 |c CF